000 00885nam a2200229 a 4500
001 000047097
005 20201002053344.0
008 180424s2015 dr a 000 0 spa d
020 _a9789945192421
040 _aDO-SdBNP
_bspa
_cBNPHU
082 _axxxx
_bxxxx
100 1 _aMolina Moloon, Andrés
_96595
245 1 0 _aMatemáticas 6 :
_beducación primaria /
_cAndrés Molina Moloon ; ilustración Ruddy Núñez... [et al.].
260 _aSanto Domingo :
_bSantillana,
_c2015.
300 _av. :
_bil. ;
_c28 cm.
_e+CD-ROM
490 1 _aProyecto Todos Juntos
500 _aActualización según el nuevo diseño curricular oficial
505 0 _av. libro de texto --
_gv. 2.
_tGuía didáctica recursos para el docente --
_gv. 3.
_tcuaderno fichas de actividades.
590 _aInventariado, 2018/VM
700 1 _aNúñez, Ruddy,
_eil.
_923171
830 0 _aProyecto Todos Juntos
_930856
999 _c46585
_d46585